MDQL
is popping MORE tags! Check the
thread
!
Quizzes
Events
Quiz Creation
Community
Videos
Private Events
Remove Ads
Sign In
Join for FREE
Feedback
Dark Mode
Quiz Categories
Sports
Geography
Music
Movies
Television
Just For Fun
Miscellaneous
History
Literature
Language
Science
Gaming
Entertainment
Religion
Holiday
For Kids
Quiz Lab
Recent
Popular Today
Quiz Kudos Today
Editor Picks
Curator Picks
Quizzes by...
Day
Popularity
Type
Ratings
Length
Year
Community
Subscriptions
Recent Discussions
Orange Saloon
Badges
Playlists
Quests
Create
Leaderboards
Showdown
Live 5
Trivia Bingo
Activity
Puzzle Library
Sporcle Events
Private Events
Virtual Trivia
Globe League
Become a Host
Pub Owners
SporcleCon
Opinionation
Our Games
Videos
Blog
Mobile Apps
Partnerships
Remove Ads and Go Orange
Feedback
Sports
Athletes
MLB
NBA
NHL
NFL
Soccer
Sports Teams
WWE
NCAA
Football
Premier League
Basketball
Baseball
Hockey
Golf
Tennis
Cricket
Rugby
Auto Racing
Olympics
World Cup
Sports
Athletes
MLB
NBA
NHL
NFL
Soccer
Sports Teams
WWE
NCAA
Football
Premier League
Basketball
Baseball
Hockey
Golf
Tennis
Cricket
Rugby
Auto Racing
Olympics
World Cup
Random Quiz
Search Sporcle
×
Quiz Lab
Quiz Lab
Sports
WWE
Type in answers that appear in a list
Type in answers that appear in a list
Classic
Best Score? Go Orange.
Most Wrestling World Titles WWE Stats
Most World Titles WWE WWF WCW ECW NWA IWGP TNA AEW etc
By
nwo4life4
8m
34 Questions
664 Plays
664 Plays
664 Plays
Comments
Comments
Give Quiz Kudos
Give Quiz Kudos
-
- Ratings
hide this ad
Replay
Link that replays current quiz
Next Quiz
Link to next quiz in quiz playlist
You Got
0%
They Got
Avg Score
68%
Avg Friend Score
Upgrade to see
Score Distribution
Jump to the score distribution portion of the page
Score
0/34
Timer
08:00
0
Plays Today
Titles Won
Answer
% Correct
13 WWE, 3 World
John Cena
98.6%
8 NWA, 6 WCW, 2 WWF
Ric Flair
98.2%
9 WWE, 5 World
Triple H
96.5%
1 ROH, 2 WWE, 2 Universal, 1 World
Seth Rollins
94.3%
10 WWE, 4 World
Randy Orton
94.3%
6 WWF, 6 WCW
Hulk Hogan
93.5%
8 WWF, 2 WCW
The Rock
89.6%
4 WWE, 2 Universal
Roman Reigns
89.3%
4 WWE, 7 World
Edge
88.4%
4 WWF, 1 WCW, 1 World, 6 TNA
Kurt Angle
87.6%
6 WWF
Stone Cold Steve Austin
87.2%
2 NWA, 6 WCW, 4 TNA
Sting
86.4%
4 WWF, 3 World
The Undertaker
86%
7 WWE, 1 IWGP, 3 Universal
Brock Lesnar
86%
3 NWA, 2 TNA, 2 IWGP, 2 WWE
AJ Styles
84%
5 WCW, 1 World
Booker T
81.9%
5 WWF, 2 WCW
Bret Hart
80.7%
Titles Won
Answer
% Correct
1 WWF, 2 WCW, 3 World, 1 AEW, 1 ROH
Chris Jericho
80.4%
1 WWF, 5 WCW
Kevin Nash
78.7%
2 WCW, 2 WWE, 2 World, 1 ECW
The Big Show
78%
1 ROH, 1 ECW, 3 World, 2 WWE, 2 AEW
CM Punk
77.5%
2 WWF, 4 WCW
Randy Savage
73.6%
4 World, 2 WWE
Batista
71%
1 ROH, 1 World, 4 WWE
Daniel Bryan
70.9%
2 World, 1 WWE, 3 TNA
Jeff Hardy
70.1%
2 NWA, 2 World, 2 ECW, 1 Impact
Christian
64.9%
4 WCW, 6 NWA
Jeff Jarrett
63.7%
7 IWGP
Kazuchika Okada
60.2%
3 WCW, 3 IWGP
Vader
54.1%
8 NWA
Harley Race
50.8%
2 ECW, 4 TNA, 2 WWE
Bobby Lashley
42.8%
8 IWGP
Hiroshi Tanahashi
38.5%
10 AWA
Verne Gagne
37%
1 NWA, 6 IWGP
Tatsumi Fujinami
23.1%
Quiz Playlist
Details
Report
Send in Message
Add To Playlist
Classic:
Type in answers that appear in a list
Last Updated: Jan 22, 2022
Quiz Scoreboard
CHALLENGE
Sign Up to Join the Scoreboard
Show All
Scores
Hide
Comments
May contain spoilers
Recently Published
1-10 Letter E Words III
by El_Dandy
Language
2m
Street Fighter Characters
by Artimus82
Gaming
60s
College Basketball Coaching Resumes
by pancakes188
Sports
9m
More to Explore
Quiz From the Vault
Featured Blog Post
Where Did the Easter Bunny Come From?
hide this ad
You Might Also Like...
Tags
World Quiz
WWE Quiz
ECW
IWGP
NWA
reign
tna
WCW
Wrestling
Wrestling Champions
WWE Champions
WWF
Today's Top Quizzes in Sports
Browse Sports
hide this ad
Today's Top Quizzes in WWE
Browse WWE
Top Contributed Quizzes in Sports
1
2022 World Cup Stars
2
Les meilleurs buteurs des matchs entre le PSG et l’OM
3
FIFA Club World Cup Champions
4
Les entraîneurs de l'OM et du PSG au 21e siècle
5
Criteria MLB: Left Handed Sluggers
6
2023 MLB Unique Player Accomplishments
7
AFC Teams Reveal (Wrong Answers Minefield)
8
Players with Multiple 50 Home Run Seasons
9
5-to-1: FBS Animal Nicknames
10
5-to-1: UK Sports Teams
Explore More
Trending Topics
Marvel
NBA
Harry Potter
Anime
Crossword
Kpop
Disney
NFL
Song
Pokémon
Soccer
WWE
Country
The Office
Puzzle
hide this ad
More By:
nwo4life4
Quiz
Plays
Rating
Category
Featured
Created
Most Wrestling World Titles WWE
664
5.00
Sports
Sep 15, 2017
Supernatural Episodes Seasons 8-14 ya idgits
472
5.00
Television
Dec 30, 2018
Supernatural Episodes Seasons 1-7 ya idgits
463
5.00
Television
Dec 30, 2018
Wrestling Multiple Promotion World Titles WWE
372
5.00
Sports
Oct 15, 2017
Most Wrestling Secondary Titles WWE
356
5.00
Sports
Sep 17, 2017
Go to Creator's Profile
Score Distribution
Quiz Creator Spotlight
nwo4life4
Follow
Send a Message
Quizzes Created
-
Created Quiz Play Count
-
More By This Creator
Popular Quizzes Today
1
Find the US States - No Outlines Minefield
2
Find the Countries of Europe - No Outlines Minefield
3
The Countries of the World
4
Find the US States
5
Risky Map Clicking: Biggest States A-Z
6
US States
7
Popular People in 1961
8
Movies - When Are They Set?
More Sports Quizzes
NBA Last Five 25.0+ PPG Players by Team
Published
Trending Quizzes
Risky Map Clicking: Least Populous States A-Z
Billboard Blitz: Aretha Franklin
Famous Russians: Author or Composer?
1-10 Letter G Words
Countries of the World: 200 Million BC
Recently Updated
Leaping Animals
pecheneg
Reality TV Shows (A-Z)
bhenderson79
Rickey Henderson's Hall of Fame Teammates
pecheneg
Champions League XIs: Arsenal
pecheneg
Quick Pick: Celebrities in WWE's Hall of Fame
aduchscher
A-Z Keypad Blitz II
pecheneg
Multiple Oscar Actors
pecheneg
Mystery Phrase Blitz: Oscar 'Best Actors'
pecheneg
F. Scott Fitzgerald Novels
LTH
Pick 3 Villains
ddd62291
Trending Topics
Crossword
Marvel
Harry Potter
Kpop
NBA
Disney
Anime
The Office
Song
Pokémon
NFL
Country
Puzzle
WWE
Soccer
Your Account Isn't Verified!
In order to create a playlist on Sporcle, you need to verify the email address you used during registration. Go to your
Sporcle Settings
to finish the process.
Report this User
Report this user for behavior that violates our
Community Guidelines
.
Details:
Send Report
Go to the Sporcle.com Mobile Site →
Comments